| 000 | 00798 a2200157 4500 | ||
|---|---|---|---|
| 003 | Nust | ||
| 005 | 20221208131651.0 | ||
| 040 | _cNust | ||
| 082 | _a621.382,LIN | ||
| 245 |
_aLinear integrated circuits : _bfor commercial applications / _cHarris semiconductor |
||
| 260 |
_aUSA _bHarris pub _c1991. |
||
| 300 | _avarious paging, | ||
| 505 | _antroduction to Integrated Circuit (Page-1), Operational Amplifiers (Page-34), Amplifier Circuits (Page-79), Applications of Operational Amplifiers (Page-138), Comparators (Page-172), Active Filters (Page-210), Linear Power Supplies (Page-280), Integrated Circuit Regulators (Page-324), Switch-Mode Power Supplies (Page-385), Oscillator Circuits (Page-445), Integrated Circuits (Page-541), | ||
| 650 | _aTelecommunication engineering. | ||
| 942 |
_2ddc _cBK |
||
| 999 |
_c213790 _d213790 |
||